000 00211nam a2200097Ia 4500
008 220204s9999 xx 000 0 und d
082 _a82-3
_bJOY
100 _aJoyce, James
245 0 _aStephen hero
942 _cBK
999 _c29369
_d29369